Pętle Tramwajowe w GZM - Statystyki

Ogólne statystyki
  • Ten quiz został rozwiązany 66 razy
  • Średni wynik to 19 z 35
Statystyki odpowiedzi
Miasto Odpowiedź % Poprawnych
Katowice Zawodzie Centrum Przesiadkowe
89%
Ruda Śląska Chebzie Pętla
84%
Katowice Brynów Centrum Przesiadkowe
79%
Gliwice Gliwice Zajezdnia
79%
Dąbrowa Górnicza Tworzeń Huta Katowice
76%
Chorzów Chorzów Stadion Śląski
68%
Chorzów Chorzów Batory Zajezdnia
66%
Katowice Katowice Plac Miarki
66%
Katowice Katowice Plac Wolności
66%
Sosnowiec Milowice Pętla
66%
Bytom Bytom Plac Sikorskiego
63%
Chorzów Chorzów Rynek
63%
Bytom Bytom Szkoła Medyczna
61%
Bytom Stroszek Zajezdnia
61%
Katowice Szopienice Pętla
61%
Zabrze Zaborze Pętla
61%
Czeladź Czeladź Dworzec
58%
Sosnowiec Kazimierz Górniczy Pętla
58%
Katowice Koszutka Słoneczna Pętla
58%
Będzin Os. Zamkowe Zajezdnia
58%
Mysłowice Mysłowice Dworzec PKP
55%
Katowice Wełnowiec Plac Alfreda
55%
Zabrze Makoszowy Pętla
53%
Zabrze Mikulczyce Pętla
53%
Zabrze Biskupice Pętla
47%
Sosnowiec Zagórze Rondo Jana Pawła II
47%
Sosnowiec Konstantynów Okrzei
45%
Chorzów Chorzów Stadion Śląski Pętla Zachodnia
42%
Dąbrowa Górnicza Gołonóg Wiadukt S1 Pętla (kursy skrócone)
42%
Sosnowiec Sosnowiec Dworzec PKP
37%
Bytom Bytom Powstańców Śląskich
34%
Mysłowice Mysłowice Obrzeżna Północna
29%
Sosnowiec Zagórze Centrum Przesiadkowe
21%
Chorzów Chorzów Dworcowa
18%
Siemanowice Śląskie Siemanowice Plac Skargi
18%
Nie znaleziono quizów pasujących do podanych kryteriów
Rozkład punktacji
Procent ludzi z każdym wynikiem
Percentyl według liczby udzielonych odpowiedzi
Twoja historia wyników
Nie rozwiązałeś tego quizu